| 000 | 00967nam a2200253Ia 4500 | ||
|---|---|---|---|
| 001 | 16206 | ||
| 003 | GE_BSU | ||
| 008 | 181216s||||||||xx |||||||||||||| ||und|| | ||
| 020 | _aISBN 99940-0-646-0 | ||
| 040 | _cGE_BSU | ||
| 080 | _a811.161.1(038)+811.353.1(038) | ||
| 100 | _aსამუშია, შოთა | ||
| 245 | _aრუსულ-ქართული ლექსიკონი გრამატიკული ცნობარით | ||
| 245 | _b32 ათასამდე სიტყვა | ||
| 245 | _cრედ.: ნათელა ჭყოიძე, ნანა სუხიტაშვილი | ||
| 260 | _aთბილისი | ||
| 260 | _bაქართველოს მაცნე, | ||
| 260 | _c2006 | ||
| 300 | _a908გვ. ; 26სმ.. | ||
| 541 | _h28ლ. | ||
| 653 | _aლექსიკონი | ||
| 653 | _aრუსული ენის გრამატიკა-ცნობარი; | ||
| 942 | _cBK | ||
| 999 |
_c49290 _d49290 |
||